Total immersion : the revolutionary way to swim better, faster, and easier /

Bibliographic Details
Main Author: Laughlin, Terry
Other Authors: Delves, John
Format: Book
Language:English
Published: New York, NY : Simon & Schuster, [1996]
Subjects:

MARC

Tag First Indicator Second Indicator Subfields
LEADER 00000cam a2200000 a 4500
001 in00001606721
005 20151023051135.0
008 960328s1996 nyua 001 0 eng
010 |a  96015772  
020 |a 068481885X (alk. paper) 
035 |a (OCoLC)ocm34514839 
040 |a DLC  |c DLC  |d TXA  |d UtOrBLW 
049 |a TXAM 
050 0 0 |a GV837.7  |b .L38 1996 
082 0 0 |a 797.2/1  |2 20 
100 1 |a Laughlin, Terry. 
245 1 0 |a Total immersion :  |b the revolutionary way to swim better, faster, and easier /  |c Terry Laughlin with John Delves. 
264 1 |a New York, NY :  |b Simon & Schuster,  |c [1996] 
264 4 |c ©1996 
300 |a 286 pages :  |b illustrations ;  |c 24 cm. 
336 |a text  |b txt  |2 rdacontent 
337 |a unmediated  |b n  |2 rdamedia 
338 |a volume  |b nc  |2 rdacarrier 
500 |a "A Fireside book." 
500 |a Includes index. 
536 |a Given in memory of Marshall Daniel Green, '50, by Ada and Larry Till, '71 ; March, 2001. 
650 0 |a Swimming  |x Training. 
700 1 |a Delves, John. 
948 |a cataloged  |b h  |c 2001/4/12  |d c  |e pkellar  |f 2:25:44 pm 
994 |a E0  |b TXA 
999 |a MARS 
999 f f |s 52612f9b-2c7a-3efa-937e-2be5dc907190  |i c2f045c3-7235-3d09-adda-5d71758b0de5  |t 0 
952 f f |p normal  |a Texas A&M University  |b College Station  |c Sterling C. Evans Library  |d Evans: Library Stacks  |t 0  |e GV837.7 .L38 1996  |h Library of Congress classification  |i unmediated -- volume  |m A14827638279 
998 f f |a GV837.7 .L38 1996  |t 0  |l Evans: Library Stacks